Divided we Fall
| Titel: | Divided we Fall : Division within the National Partisans of Vidzeme and Latgale, Fall 1945 |
|---|---|
| Verfasser: | |
| In: |
Journal of Baltic studies, Band 38 (2007), Seite 195-214 alle Artikel anzeigen |
| Veröffentlicht: | 2007 |
| Format: | Aufsatz |
| Sprache: | Englisch |
X
alg: 39170482 001A $01999:11-11-16 001B $03025:03-03-26 $t13:40:55.000 001C $06050:19-11-16 $t08:43:19.000 001D $01999:11-11-16 001U $0utf8 001X $00 002@ $0Aox 003@ $0391704826 007A $0391704826 $aHEB 007T $0Herdc0022025m 010@ $aeng 011@ $a2007 021A $aDivided we Fall $dDivision within the National Partisans of Vidzeme and Latgale, Fall 1945 028A $aSwain $dGeoffrey 031A $d38 $h195-214 $j2007 039B $aIn $8--Abvc--. Journal of Baltic studies. - Abingdon : Routledge, 1972-. - ISSN 0162-9778 $x200700000380000805 $9047244860 044K $#Latgale $#Lattgale $#Latgalija $74223781-6 $8Lettgallen [Tg1] $9086159291 044K $#Liivimaa $#Vidzeme $#Livonija $#Vidzeme $#Livonia $#Inflanty $74036075-1 $8Livland [Tg1] $9085097721 045F $a900.9479609043 $eDDC23BSB 045F/01 $a900 045F/03 $f09043 045F/03 $f09044 045F/03 $g4796 045T $a7,41 $a7,44 lok: 39170482 78 exp: 39170482 78 1 #EPN 201B/01 $001-03-19 $t22:51:35.000 201U/01 $0utf8 203@/01 $0787799521 208@/01 $a11-11-16 $be 209A/01 $a/ $f000 $x00 220C/01 $aTitelaufnehmer: pg 244Z/01 $2Trx $#Latvija $#Lettland $#Łotwa $#Lotyšsko $8--Trx--Latvija $x01 $9391275879 244Z/01 $#Liivimaa $#Vidzeme $#Livonija $#Vidzeme $#Livonia $#Inflanty $74036075-1 $8--Tg1--Livland $x02 $9085097721 244Z/01 $2Trx $#Latgale $#Latgala $#Lettgallen $#Latgalia $#Latgale $#Łatgalia $#Latgalija $#Polnisch-Livland $8--Trx--Latgale $x03 $9391265105 244Z/01 $aGeschichte 1945 $x04 244Z/01 $2Trx $#partisanid $#partizanai $#Partisans $#partizánok $#partyzanci $#partizáni $#partyzáni $8--Trx--Partisanen $x05 $9391380087 244Z/01 $2Trx $#maailmasõda, teine 1939-1945 $#Antrasis pasaulinis karas 1939-1945 $#World War, Second 1939-1945 $#világháború. második 1939-1945 $#wojna światowa, druga 1939-1945 $#vojna svetová II. 1939-1945 $#válka druhá světová 1939-1945 $#Zweiter Weltkrieg $8--Trx--Weltkrieg, Zweiter$g1939-1945 $x06 $939138239X 244Z/01 $2Trx $8--Trx--Zeitschriftenaufsatz $x07 $9391384341 245Z/01 $a06.04.03 $x01 247C/01 $82080>Marburg/Lahn, Herder-Institut, Forschungsbibliothek, Bibliographieportal $9336309341
| LEADER | 00000caa a22000002c 4500 | ||
|---|---|---|---|
| 001 | 391704826 | ||
| 003 | DE-603 | ||
| 005 | 20260303134055.0 | ||
| 007 | tu | ||
| 008 | 161111s2007 xx |||| | u00||u|eng c | ||
| 035 | |a (DE-599)HEB391704826 | ||
| 040 | |a DE-603 |b ger |c DE-603 |d DE-603 | ||
| 041 | |a eng | ||
| 082 | 0 | 4 | |8 1\u |a 900.9479609043 |q DE-101 |2 23/BSB |
| 084 | |a 7,41 |a 7,44 |2 ssgn | ||
| 085 | |8 1\u |b 900 | ||
| 085 | |8 1\u |z 1 |s 09043 | ||
| 085 | |8 1\u |z 1 |s 09044 | ||
| 085 | |8 1\u |z 2 |s 4796 | ||
| 100 | 1 | |a Swain, Geoffrey | |
| 245 | 0 | 0 | |a Divided we Fall |b Division within the National Partisans of Vidzeme and Latgale, Fall 1945 |
| 264 | 0 | |c 2007 | |
| 651 | 7 | |a Lettgallen |0 (DE-588)4223781-6 |0 (DE-603)086159291 |2 gnd | |
| 651 | 7 | |a Livland |0 (DE-588)4036075-1 |0 (DE-603)085097721 |2 gnd | |
| 773 | 0 | 8 | |i In |t Journal of Baltic studies |d Abingdon : Routledge, 1972- |x 0162-9778 |g Band 38 (2007), Seite 195-214 |w (DE-603)047244860 |w (DE-600)197751-9 |
| 924 | 0 | |9 2080 |a (DE-603)787799521 |b DE-2080 |c HES |d d |g / | |


